Labour market discrimination in India (Record no. 515835)

000 -LEADER
fixed length control field 01242nam a22001577a 4500
008 - FIXED-LENGTH DATA ELEMENTS--GENERAL INFORMATION
fixed length control field 210209b ||||| |||| 00| 0 eng d
100 ## - MAIN ENTRY--PERSONAL NAME
Personal name Kumar, Avinash. and Hashmi, Nazia Iqbal
245 ## - TITLE STATEMENT
Title Labour market discrimination in India
260 ## - PUBLICATION, DISTRIBUTION, ETC. (IMPRINT)
Place of publication, distribution, etc The Indian Journal of Labour Economics
300 ## - PHYSICAL DESCRIPTION
Extent 63(1), Jan-Mar, 2020: p.177-188
520 ## - SUMMARY, ETC.
Summary, etc Discrimination along lines of caste, religion, gender, region, language, etc. is a reality in India today as it has been for most of its history. The fault lines in the approach to understanding wage disparity are exposed in its once-too-often overlooking of the sociopolitical realities of their subjects. The paper aims to bring out the wage discrimination in Indian labour market in both rural and urban areas belonging to different occupational activities using the simple ordinary least square regression analysis and Blinder–Oaxaca decomposition method to show that the wage disparity among different social groups can be attributed to discrimination. – Reproduced
650 ## - SUBJECT ADDED ENTRY--TOPICAL TERM
Topical term or geographic name as entry element Wage, Disparity, Caste, Labour, Discrimination, Decomposition, Blinder–Oaxaca
9 (RLIN) 21936
773 ## - HOST ITEM ENTRY
Main entry heading The Indian Journal of Labour Economics
906 ## - LOCAL DATA ELEMENT F, LDF (RLIN)
Subject DIP LABOUR MARKETS - INDIA
942 ## - ADDED ENTRY ELEMENTS (KOHA)
Item type Articles
Holdings
Withdrawn status Lost status Source of classification or shelving scheme Damaged status Not for loan Permanent location Current location Date acquired Serial Enumeration / chronology Barcode Date last seen Koha item type
          Indian Institute of Public Administration Indian Institute of Public Administration 2021-02-09 63(1), Jan-Mar, 2020: p.177-188 AR124222 2021-02-09 Articles

Powered by Koha